000 01148cam a22002774a 4500
999 _c18299
_d18299
008 030425s2003 laua c 000 0 eng
010 _a 2003009827
020 _a1589801415 (hardcover : alk. paper)
050 0 0 _aND237.S277A4 2003
100 1 _aSandusky, Phil.
245 1 0 _aNew Orleans en plein air /
_cwritten and illustrated by Phil Sandusky ; foreword by M. Stephen Doherty.
260 _aGretna, La. :
_bPelican Pub.,
_c2003.
300 _a160 p. :
_bchiefly col. ill. ;
_c23 x 29 cm.
600 1 0 _aSandusky, Phil
_vCatalogs.
650 0 _aPlein-air painting
_zLouisiana
_zNew Orleans
_vCatalogs.
651 0 _aNew Orleans (La.)
_vIn art
_vCatalogs.
942 _2lcc
_cBOOKS